Catalunya i la Comunitat Econòmica Europea : Llibre blanc sobre la repercussió a Catalunya de l'adhesió d'Espanya a la Comunitat Econòmica Europea : Conclusions / Institut d'Investigacions Económiques Llibre blanc sobre la repercussió a Catalunya de l'adhesió d'Espanya a la Comunitat Econòmica Europea :
Publicado:
Barcelona :
Generalitat de Catalunya. Servei Central de Publicacions. Departament de la Presidència ,
1982
Descripción Física:
p. 487-566 ; 30 cm
Materias:
Comunitat Econòmica Europea -- Catalunya
MARC
| LEADER | 00000nam a2200000Ia 4500 | ||
|---|---|---|---|
| 001 | 1150 | ||
| 008 | 160829s1982 xx 000 0 cat d | ||
| 080 | |a M-1-89 | ||
| 110 | 2 | |a Institut d'Investigacions Econòmiques |9 56303 | |
| 245 | |a Catalunya i la Comunitat Econòmica Europea : |b Llibre blanc sobre la repercussió a Catalunya de l'adhesió d'Espanya a la Comunitat Econòmica Europea : |b Conclusions / Institut d'Investigacions Económiques | ||
| 260 | |a Barcelona : |b Generalitat de Catalunya. Servei Central de Publicacions. Departament de la Presidència, |c 1982 | ||
| 300 | |a p. 487-566 ; |c 30 cm | ||
| 650 | |a Comunitat Econòmica Europea |x Catalunya |9 24681 | ||
| 901 | |a Arxiu | ||
| 942 | |n 1 | ||
| 952 | |0 0 |1 0 |4 0 |6 M189 |7 1 |9 43262 |a Arxiu |b Arxiu |d 2016-12-01 |l 0 |o M-1-89 |p 1150 |r 2016-12-01 00:00:00 |w 2016-12-01 |y ARXIU | ||
| 999 | |c 45807 |d 45807 | ||